| 000 | 01259nam0a22002771 4500 | ||
|---|---|---|---|
| 001 | rc\4716392 | ||
| 005 | 20260405101637.0 | ||
| 021 |
_aRU _b[68-75361] |
||
| 035 | _a(NLR Aleph) 008727330 | ||
| 090 |
_a9455389 _c9455389 |
||
| 100 | _a20130416d1968 |||y0rusy50 ca | ||
| 101 | 0 | _arus | |
| 102 | _aRU | ||
| 105 | _aa z ||||| | ||
| 200 | 1 |
_aПути совершенствования добычи нефти на промыслах Татарии _e[Сборник статей _fОтв. ред. В.И. Грайфер] _gОрдена Ленина объединение "Татнефть". Татар. правл. НТО нефт. и газодобывающей пром-сти |
|
| 210 |
_aКазань _cТаткнигоиздат _d1968 |
||
| 215 |
_a98 с., 2 л. черт. _cил. _d20 |
||
| 320 | _aБиблиогр. в конце статей | ||
| 606 |
_aНефтяные промыслы _yТатарская АССР _2psbo |
||
| 702 | 1 |
_4070 _8rus _7ca _aГрайфер _bВ. И. _f1929-2020 _gВалерий Исаакович _3RU\NLR\AUTH\7737549 _920537 |
|
| 712 | 0 | 2 | _a"Татнефть", объединение (Бугульма) |
| 801 | 0 |
_aRU _bNLR _gpsbo |
|
| 801 | 1 |
_aRU _bELAR _2rusmarc |
|
| 852 |
_aNLR _j68-4/20348 |
||
| 942 | _cBOOK | ||
| 980 | _aNB | ||